000 00542nam a2200181Ia 4500
008 240729s9999 xx 000 0 und d
022 _a2215-0013
245 0 _aSchizophrenia Research: Cognition
260 _aUnited States
260 _bElsevier
650 _a Internal medicine
650 _a Neurology. Diseases of the nervous system
650 _a Neurosciences. Biological psychiatry. Neuropsychiatry
650 _aMedicine
856 _uhttps://doaj.org/toc/0223ae80218741bc90e3702e5c5c8f04
942 _2ddc
942 _cDOAJEJ
999 _c70267
_d70267
945 _a1
_bMadushi Gamage
_c1
_dMadushi Gamage